As 20 Maiores Cidades do Camboja - Statistics

Estatísticas Gerais
  • Esse quiz foi jogado 2 vezes
  • A pontuação média é 7 de 20
Estatísticas das Respostas
População Cidade % Correto
2,18 mi Phnom Penh
100%
30 mil Banlung
50%
151 mil Battambang
50%
54 mil Kampong Cham
50%
53 mil Kampong Chhnang
50%
50 mil Kampong Speu
50%
29 mil Ou Chrov
50%
79 mil Poipet
50%
62 mil Pursat
50%
225 mil Siem Reap
50%
71 mil Sihanoukville
50%
31 mil Takeo
50%
91 mil Ta Khmau
50%
39 mil Angk Snuol
0%
53 mil Kampong Thom
0%
41 mil Kampot
0%
36 mil Kouk Kduoch
0%
44 mil Phum Thom
0%
36 mil Prey Veng
0%
78 mil Serei Saophoan
0%
Nenhum quiz correspondente encontrado
Distribuição das Pontuações
Porcentagem de Pessoas com Cada Pontuação
Percentil de Números Respondidos
Sua Pontuação Histórica
Você não jogou esse quiz